00690cam a22002173a 45000010005000000030006000050050017000110080041000280400015000690420007000840500010000911000033001012450093001342600029002275060030002565160020002866530051003066530046003578300028004038560041004316875PGUSA20140828083138.0041101s2004||||xxu|||||s|||||000 | eng d aPGUSAbeng adc 4aF10011 aParkman, Francis,d1823-189310aCount Frontenac and New France under Louis XIVh[electronic resource] /cFrancis Parkman bProject Gutenberg,c2004 aPublic domain in the USA. aElectronic text aFrontenac, Louis de Buade, comte de, 1620-1698 aCanada -- History -- To 1763 (New France) 0aProject Gutenbergv687540uhttp://www.gutenberg.org/ebooks/6875